LEADER 02301nam 2200601Ia 450 001 9910463278503321 005 20200520144314.0 010 $a1-283-30879-7 010 $a9786613308795 010 $a1-4438-3313-4 035 $a(CKB)3360000000432111 035 $a(EBL)1165705 035 $a(OCoLC)829714465 035 $a(SSID)ssj0000681190 035 $a(PQKBManifestationID)12303398 035 $a(PQKBTitleCode)TC0000681190 035 $a(PQKBWorkID)10673324 035 $a(PQKB)10306341 035 $a(MiAaPQ)EBC1165705 035 $a(Au-PeEL)EBL1165705 035 $a(CaPaEBR)ebr10648346 035 $a(CaONFJC)MIL330879 035 $a(EXLCZ)993360000000432111 100 $a20120413d2011 uy 0 101 0 $aeng 135 $aurcn||||||||| 181 $ctxt 182 $cc 183 $acr 200 10$aCompelling form$b[electronic resource] $earchitecture as visual persuasion /$fby J. Donald Ragsdale 210 $aNewcastle upon Tyne $cCambridge Scholars$d2011 215 $a1 online resource (313 p.) 300 $aDescription based upon print version of record. 311 $a1-4438-3286-3 320 $aIncludes bibliographical references (p. [290]-293) and index. 327 $aTABLE OF CONTENTS; LIST OF FIGURES; ACKNOWLEDGEMENTS; PREFACE; CHAPTER ONE; CHAPTER TWO; CHAPTER THREE; CHAPTER FOUR; CHAPTER FIVE; CHAPTER SIX; CHAPTER SEVEN; CHAPTER EIGHT; CHAPTER NINE; CHAPTER TEN; CHAPTER ELEVEN; CHAPTER TWELVE; AFTERWORD; REFERENCES; INDEX 330 $aCompelling Form: Architecture as Visual Persuasion is an assessment of the visual persuasiveness of buildings. It demonstrates that architecture is as capable of social influence as speeches or advertisements are and that an awareness of this influence pr 606 $aArchitecture and society 606 $aCommunication in architecture 606 $aPersuasion (Psychology) 608 $aElectronic books. 615 0$aArchitecture and society. 615 0$aCommunication in architecture. 615 0$aPersuasion (Psychology) 676 $a720.1 700 $aRagsdale$b J. Donald$0994164 801 0$bMiAaPQ 801 1$bMiAaPQ 801 2$bMiAaPQ 906 $aBOOK 912 $a9910463278503321 996 $aCompelling form$92276876 997 $aUNINA LEADER 02229oas 2200661 a 450 001 9910142310303321 005 20251106213014.0 035 $a(OCoLC)68621262 035 $a(CONSER) 2006214933 035 $a(CKB)1000000000313432 035 $a(EXLCZ)991000000000313432 100 $a20060510a20069999 sy a 101 0 $aeng 135 $aurcnu|||||||| 181 $ctxt$2rdacontent 182 $cc$2rdamedia 183 $acr$2rdacarrier 200 00$a@ this point $etheological investigations in church and culture 210 $aDecatur, GA $cColumbia Theological Seminary$d2006- 300 $aTitle from title screen (viewed May 10, 2006). 300 $aThe "at" symbol is used as first character in the main title. 300 $aEach issue focuses on a different topic and includes lesson plans and bibliography located under "From this point onward." 311 08$a1932-698X 517 3 $a@ this point theological investigations in church and culture 517 3 $aAt this point 606 $aChristianity and culture$vPeriodicals 606 $aTheology$vPeriodicals 606 $aChristian education$vPeriodicals 606 $aChristian education$xTextbooks for adults$xPresbyterian Church 606 $aChristian ethics$vPeriodicals 606 $aChristian education$2fast$3(OCoLC)fst00859019 606 $aChristian ethics$2fast$3(OCoLC)fst00859107 606 $aChristianity and culture$2fast$3(OCoLC)fst00859660 606 $aTheology$2fast$3(OCoLC)fst01149559 608 $aPeriodicals.$2fast 615 0$aChristianity and culture 615 0$aTheology 615 0$aChristian education 615 0$aChristian education$xTextbooks for adults$xPresbyterian Church. 615 0$aChristian ethics 615 7$aChristian education. 615 7$aChristian ethics. 615 7$aChristianity and culture. 615 7$aTheology. 676 $a261 712 02$aColumbia Theological Seminary 801 0$bCFT 801 1$bCFT 801 2$bNSD 801 2$bDLC 801 2$bOCLCQ 801 2$bOCLCF 801 2$bOCLCL 801 2$bOCLCQ 906 $aJOURNAL 912 $a9910142310303321 996 $a@ this point$92100619 997 $aUNINA